| 000 | 00447nam a2200193Ia 4500 | ||
|---|---|---|---|
| 003 | 0100 | ||
| 008 | 130303s9999 xx 000 0 und d | ||
| 040 | _cARRUPELIB | ||
| 050 | _aBL560.M39 1975 | ||
| 100 | _aMbiti, John S | ||
| 245 | 4 | _aThe Prayers of African Religion | |
| 260 | _aLondon | ||
| 260 | _bS.P.C.K. | ||
| 260 | _C1975 | ||
| 300 | _a193p. | ||
| 300 | _b 23 cm | ||
| 650 | _bEthics--Addresses, essays, lectures | ||
| 942 | 0 | 0 | _06 |
| 999 |
_c29764 _d29764 |
||